Historia de las Exploraciones / (Record no. 4489)

000 -CABECERA
fixed length control field 00834nam a22002177a 4500
003 - IDENTIFICADOR DEL NÚMERO DE CONTROL
control field AR-CdUCM
008 - DATOS DE LONGITUD FIJA--INFORMACIÓN GENERAL
fixed length control field 190308b ||||| |||| 00| 0 spa d
040 ## - FUENTE DE LA CATALOGACIÓN
Agencia/entidad que catalogó originalmente la obra MUNICIPALIDAD PROVINCIAL DEL CUSCO
Entidad que transcribió la catalogación BIBLIOTECA MUNICIPAL DEL CUSCO
082 ## - NÚMERO DE LA CLASIFICACIÓN DECIMAL DEWEY
No. de Clasificación 902 /
Notacion interna D61
100 ## - ENTRADA PRINCIPAL--NOMBRE DE PERSONA
Nombre Personal Deschamps, Hubert
245 ## - MENCIÓN DE TÍTULO
Título Historia de las Exploraciones /
260 ## - PUBLICACIÓN, DISTRIBUCIÓN, ETC.
Lugar de publicación, distribución, etc. españa ;
Nombre de la editorial, distribuidor, etc. aikos-tau ,
Fecha de publicación, distribución, etc. 1971.
300 ## - DESCRIPCIÓN FÍSICA
Nº de Páginas Extensión 125 páginas ;
Dimensiones 17.5 cm.
440 ## - MENCIÓN DE SERIE/PUNTO DE ACCESO ADICIONAL--TÍTULO
Título ¿qué sé?
Número de la parte/sección de una obra 27
9 (RLIN) 14095
505 ## - NOTA DE CONTENIDO CON FORMATO
Nota de contenido formateada Contenido : Los Periodos -- Reconocimiento de Eurasia -- Los nuevos mundos americanos -- El misterio Africano -- Descubrimiento del África interior -- Las tierras Oceánicas...
650 ## - PUNTO DE ACCESO ADICIONAL DE MATERIA--TÉRMINO DE MATERIA
Descriptor Grandes Exploraciones
9 (RLIN) 14096
650 ## - PUNTO DE ACCESO ADICIONAL DE MATERIA--TÉRMINO DE MATERIA
Descriptor Geografia Descriptiva
9 (RLIN) 10375
650 ## - PUNTO DE ACCESO ADICIONAL DE MATERIA--TÉRMINO DE MATERIA
Descriptor Historia de la Exploracion
9 (RLIN) 14097
942 ## - ELEMENTOS DE PUNTO DE ACCESO ADICIONAL (KOHA)
Fuente de clasificación
Tipo de item Libros-BMC
945 ## - PROCESAMIENTO DE INFORMACIÓN LOCAL (OCLC)
Catalogador rtm
Holdings
Estado de retiro (separado) Fuente de clasificación o esquema de estanterías Estado dañado Ubicación Sala donde se ubica Nombre de la colección Fecha de adquisición o compra Costo, precio normal en soles Signatura topográfica Código de Barras Última vez visto (Koha) Tipo de ítem (Koha)
No     Sala Humanidades Sala Humanidades Book Cart 2019-03-08 10.00 902 / D61 SH0000004810 2019-03-08 Libros-BMC

Powered by Koha